• 首页
  • 本馆介绍
  • 公告通知
  • 最新文献
  • 馆藏检索
  • 电子资源
  • 读者荐购
  • 参考咨询
  • CALIS
  • 我的图书馆
  • 登录
  • 详细信息显示
  • 放入我的书架
  • 预约/预借图书
  • 作者相关作品
  • 分类相关作品
  • 丛书相关作品
  • 出版社相关作品

书目信息

  • 表格格式
  • 工作单格式
  • 卡片格式
题名:
2022全国一级注册建筑师资格考试历年真题解析与模拟试卷
    
 
作者: 张艳锋 主编
分册:   建筑设计(知识题)
出版信息: 北京   中国电力出版社  2022.01
页数: 584页
开本: 26cm
丛书名:
单 册:
中图分类: TU-44 , TU-44
科图分类:
主题词: 建筑师--jian zhu shi--资格考试--试题 , 建筑设计--jian zhu she ji--资格考试--试题
电子资源:
ISBN: 978-7-5198-5981-7
 
 
 
 
 
000 01064nam0 2200253 450
001 011025153713
005 20221025153713.0
010    @a978-7-5198-5981-7@dCNY98.00
100    @a20201004d2022 em y0chiy0120 ea
101 0  @achi
102    @aCN@b110000
105    @aa zq 000yy
106    @ar
200 1  @a2022全国一级注册建筑师资格考试历年真题解析与模拟试卷@A2022quan guo yi ji zhu ce jian zhu shi zi ge kao shi li nian zhen ti jie xi yu mo ni shi juan@i建筑设计(知识题)@f张艳锋主编
210    @a北京@c中国电力出版社@d2022.01
215    @a584页@c图@d26cm
300    @a2022电力版
330    @a本书收录了1995~2021年全国一级注册建筑师资格考试“建筑设计(知识题)”题目的约3000道真题,分类整理为建筑设计原理、中国建筑史、外国建筑史、城市规划基础知识、建筑设计标准与规范、模拟题共六个部分,并对每道题目进行了详细的解析。
606 0  @a建筑师@Ajian zhu shi@x资格考试@j试题
606 0  @a建筑设计@Ajian zhu she ji@x资格考试@j试题
690    @aTU-44@v5
690    @aTU-44@v5
701  0 @a张艳锋@Azhang yan feng@4主编
905    @a河南城建学院图书馆@dTU-44@eZ2212
    
    2022全国一级注册建筑师资格考试历年真题解析与模拟试卷.建筑设计(知识题)/张艳锋主编.-北京:中国电力出版社,2022.01
    584页:图;26cm
    2022电力版
    
    ISBN 978-7-5198-5981-7:CNY98.00
    本书收录了1995~2021年全国一级注册建筑师资格考试“建筑设计(知识题)”题目的约3000道真题,分类整理为建筑设计原理、中国建筑史、外国建筑史、城市规划基础知识、建筑设计标准与规范、模拟题共六个部分,并对每道题目进行了详细的解析。
●
相关链接 在E读中查询图书 在当当中查询图书 在豆瓣中查询图书


正题名:2022全国一级注册建筑师资格考试历年真题解     索取号:TU-44/Z2212         预约/预借

序号 登录号 条形码 馆藏地/架位号 状态 备注
1 1589178   215891783   建筑库101/101建筑库 12排2列3层/ [索取号:TU-44/Z2212] 在馆    
2 1589179   215891792   建筑库101/101建筑库 12排2列3层/ [索取号:TU-44/Z2212] 在馆    
河南城建学院图书馆 欢迎您!
大连网信软件有限公司© 版权所有